03048nam a2200373 a 4500001001000000003000900010005001700019007000300036008004100039040003100080082002600111100004600137245016200183260000600345264004300351300005400394336002700448337003300475338002800508504004100536505149500577590002602072650004402098650005802142650002002200650004902220651005002269700003302319910004002352942001202392952012002404952013302524999001702657000015084DO-SdBPM20260527070719.0ta100201s2003 dr ad 001 0 spa d aDO-SdBPMbspacBPMSU drda 4a332.75bI73e 20032221 aIsa Conde, Narciso,d1942-eautor 4aut. 14aLas entrañas de un poder gansterizado :bBANINTER: siete pecados capitales, el testimonio de la crisis y mucho más /cNarciso Isa Conde, Fernando Peña. c  aSanto Domingo :bTiro al Blanco,c2003 a242 págianas :bilustraciones, tablas ;c22 cm. atextobtxt2rdacontent asin mediaciónbn2rdamedia avolumenbnc2rdacarrier aBibliografía: páginas . 240-242.0 aMarco global y crisis del sistema financiero 17 -- Estallido BANINTER: pugnas y partidos 21 -- Un poquito de historia: el poder visto desde el pasado 29 -- Báez Figueroa-BANINTER: nuevo grupo económico 35 -- Plan Báez Figueroa-BANINTER: gobierno-poder 51 -- Contexto y razones de la crisis de BANINTER 63 -- Imperio y oligarquía: a la caza de una oportunidad 67 -- "Célula fundamentalista" de Andy Dauhajre: una gobernación paralela del Banco Central 71 -- 55 preguntas sobre la crisis: ¡Una por cada mil millones del "agujero"! 75 -- Los siente Pecados Capitales de Ramón Báez Figueroa y BANINTER 83 -- El intento de absorción del BANINTER por el Banco del Progreso 97 -- Grupos Económicos Tradicionales intentaron compra de BANINTER 99 -- Banco del Progreso, Grupos Tradicionales y BBVA 101 -- Desgüase total de BANINTER: negocio de grupos tradiciones 117 -- Los Pellerano "se metieron en miedo" por el chantaje de Azor Hazoury 121 -- Montada en la crisis BANINTER la reelección lo contamina todo 123 -- Los halcones al acecho: anexión a mayor velocidad 129 -- Más allá de BANINTER: oligarquía tradicional busca nuevas ventajas con el fraude 135 -- Nueva ola privatizadora sobre fraude BANINTER 1454 -- Corrupción afecta sistema de ahorros y préstamos 149 -- El fraude Hazouri-Báez Figueroa descubre crisis del sistema de ahorros y préstamos 169 -- Acumulación capitalista, corrupción, delito de Estado y perversión moral van de la mano 183. aInventariado, 2025/VM 7aCrisis bancariazRepública Dominicana 7aBancosxPrácticas corruptaszRepública Dominicana 7aFraude bancarioz aDominican Republic xPolitics and government 0aRepública DominicanaxPolítica y gobierno1 aPeña, Fernando A.,eautor  aVMateo V. Control de calidad. PMSU  2ddccBK 00102ddc708CDaBPMETbBPMETd2025-11-21l0oBPMSU CD 332.75 I73e 2003pBPMSU25110067r2025-11-21w2025-11-21yBK 00102ddc708CDaBPMETbBPMETd2025-11-21eCOMPRAl0oBPMSU CD 332.75 I73e 2003pBPMSU26050085r2026-05-19te.2w2025-11-21yBK c15532d15532